| 000 | 00625nam a2200217Ia 4500 | ||
|---|---|---|---|
| 003 | OSt | ||
| 005 | 20230506124548.0 | ||
| 008 | 210423s2007 xx 000 0 und d | ||
| 020 | _a9780199285809 | ||
| 040 | _cAL | ||
| 041 | _aeng | ||
| 082 |
_a541.3 _223 _bTRAC |
||
| 100 |
_aTRAPP (Charles A);CADY (Marshall P). _999414 |
||
| 245 | _aSolutions manual to accompany: elements of physical chemistry. | ||
| 250 | _a4 | ||
| 260 |
_aNew York _bOxford University Press _c2007 |
||
| 300 |
_a363 _bPB |
||
| 365 |
_b575 _cINR |
||
| 906 | _aaccompany: ; chemistry ; elements ; manual ; physical ; Solutions | ||
| 942 |
_2ddc _cBK |
||
| 999 |
_c163761 _d163761 |
||